| 000 | 00363nam a22001577a 4500 | ||
|---|---|---|---|
| 003 | SGT | ||
| 020 | _a9789356966901 | ||
| 082 |
_a615.39 _bE25M |
||
| 100 | _aMEHDI, S.R. | ||
| 245 | _aESSENTIALS OF BLOOD BANKING & TRANSFUSION MEDICINE | ||
| 250 | _a3RD | ||
| 260 |
_aINDIA _bJAYPEE PUB _c2025 |
||
| 300 | _a163 | ||
| 650 | _aBLOOD BANKING | ||
| 942 |
_2ddc _cBK |
||
| 999 |
_c28622 _d28622 |
||